| 000 | 00649nam a2200145Ia 4500 | ||
|---|---|---|---|
| 008 | 171212s9999 xx 000 0 und d | ||
| 020 | _a9781921862304 | ||
| 100 | _aRoberts, Peter;Brown, A. J.;Olsen, Jane | ||
| 245 |
_cRoberts, Peter;Brown, A. J.;Olsen, Jane _aWhistling While They Work _bA good-practice guide for managing internal reporting of wrongdoing in public sector organisations |
||
| 260 |
_bANU E Press _c2011 |
||
| 440 | _aAustralia and New Zealand School of Government (ANZSOG) | ||
| 650 | _aBusiness | ||
| 650 | _aWhistle blowing; Disclosure of information; Public administration | ||
| 856 | _uwww.jstor.org/stable/10.2307/j.ctt24hcvb | ||
| 999 |
_c351422 _d351422 |
||